00603nam a22001457a 4500003000400000005001700004008004100021040001400062100002800076245019100104260000900295300002800304500009900332504002600431OSt20171010095457.0120706t xxu||||| |||| 00| 0 eng d aMMSUcULS aAcosta, Rowena Leah D.  aIsolation and characterization of natives saccharomyces strains from jaggery obtained from three different varieties of sweet sorghum (Sorghum bicolor (L.) Moench)cRowena Leah D. Acosta c2008 axvi, 30 leaves c28 cm. aThesis (BS Biology) -- Mariano Marcos State University-College of Arts & Sciences, Batac City  aBibliography: leaf 21